书目信息 |
| 题名: |
华胥引纪念画册
|
|
| 作者: | 唐七公子 编著 ;伊吹五月 绘画 | |
| 分册: | ||
| 出版信息: | 长沙 湖南文艺出版社 2013 |
|
| 页数: | 17, 88页 | |
| 开本: | 29cm | |
| 丛书名: | ||
| 单 册: | ||
| 中图分类: | I247.59 , J228.2 | |
| 科图分类: | ||
| 主题词: | 长篇小说--中国--当代 , 漫画--连环画--中国--现代 | |
| 电子资源: | ||
| ISBN: | 978-7-5404-5239-1 | |
| 000 | 01240nam0 2200277 450 | |
| 001 | 2349577184 | |
| 005 | 20231210134642.48 | |
| 010 | @a978-7-5404-5239-1@dCNY68.00 | |
| 100 | @a20131009d2013 em y0chiy50 ea | |
| 101 | 0 | @achi |
| 102 | @aCN@b430000 | |
| 105 | @aa t 000ay | |
| 200 | 1 | @a华胥引纪念画册@Ahua xu yin ji nian hua ce@f唐七公子编著 |
| 210 | @a长沙@c湖南文艺出版社@d2013 | |
| 215 | @a17, 88页@c彩图@d29cm | |
| 306 | @a本书由中南博集天卷文化传媒有限公司授权出版 | |
| 314 | @a版权页题绘画: 伊吹五月等 | |
| 330 | @a这是一个发生在乱世的奇幻故事, 是卫国殉国的公主和一个亡她国家的世子之间的模糊纠葛。城破之日, 叶蓁以身殉国, 依靠鲛珠死而复生时, 她只是一个“轻若尘埃, 一拂即逝”的君禹山君拂。而他两年后再次与她相遇时, 用的也不是陈国世子苏誉的身份, 他只是一个被她救下的蓝衣公子。身份两重的他们, 得以再结一段两重之缘。当她弹起华胥调, 便生死人肉白骨, 探入梦境与回忆。在这种缘分的牵引下, 他们一次次相遇于华胥梦境, 一起携手走过那段奇妙的旅程。 | |
| 606 | 0 | @a长篇小说@y中国@z当代 |
| 606 | 0 | @a漫画@x连环画@y中国@z现代 |
| 690 | @aI247.59@v5 | |
| 690 | @aJ228.2@v5 | |
| 701 | 0 | @a唐七公子@Atang qi gong zi@4编著 |
| 702 | 0 | @a伊吹五月@Ayi chui wu yue@4绘画 |
| 801 | 0 | @aCN@b湖北三新@c20140519 |
| 905 | @aZUCC@dI247.59@e256 | |
| 华胥引纪念画册/唐七公子编著.-长沙:湖南文艺出版社,2013 |
| 17, 88页:彩图;29cm |
| ISBN 978-7-5404-5239-1:CNY68.00 |
| 这是一个发生在乱世的奇幻故事, 是卫国殉国的公主和一个亡她国家的世子之间的模糊纠葛。城破之日, 叶蓁以身殉国, 依靠鲛珠死而复生时, 她只是一个“轻若尘埃, 一拂即逝”的君禹山君拂。而他两年后再次与她相遇时, 用的也不是陈国世子苏誉的身份, 他只是一个被她救下的蓝衣公子。身份两重的他们, 得以再结一段两重之缘。当她弹起华胥调, 便生死人肉白骨, 探入梦境与回忆。在这种缘分的牵引下, 他们一次次相遇于华胥梦境, 一起携手走过那段奇妙的旅程。 |
| ● |
| 相关链接 |
|
|
|
正题名:华胥引纪念画册
索取号:I247.59/256
 
预约/预借
| 序号 | 登录号 | 条形码 | 馆藏地/架位号 | 状态 | 备注 |
| 1 | 2001417301 | 2001417301 | 617书库/ [索取号:I247.59/256] | 在馆 | |
| 2 | 2001417302 | 2001417302 | 617书库/ [索取号:I247.59/256] | 在馆 | |
| 3 | 2001417303 | 2001417303 | 617书库/ [索取号:I247.59/256] | 在馆 | |
| 4 | 2001417304 | 2001417304 | 617书库/ [索取号:I247.59/256] | 在馆 | |
| 5 | 2001417305 | 2001417305 | 617书库/ [索取号:I247.59/256] | 在馆 | |
| 6 | 2001417306 | 2001417306 | 617书库/ [索取号:I247.59/256] | 在馆 | |
| 7 | 2001417307 | 2001417307 | 617书库/ [索取号:I247.59/256] | 在馆 | |
| 8 | 2001417308 | 2001417308 | 617书库/ [索取号:I247.59/256] | 在馆 | |
| 9 | 2001417309 | 2001417309 | 617书库/ [索取号:I247.59/256] | 在馆 | |
| 10 | 2001417310 | 2001417310 | 617书库/ [索取号:I247.59/256] | 在馆 | |
| 11 | 2001417311 | 2001417311 | 617书库/ [索取号:I247.59/256] | 在馆 | |
| 12 | 2001417312 | 2001417312 | 617书库/ [索取号:I247.59/256] | 在馆 | |
| 13 | 2001417313 | 2001417313 | 617书库/ [索取号:I247.59/256] | 在馆 | |
| 14 | 2001417314 | 2001417314 | 617书库/ [索取号:I247.59/256] | 在馆 | |
| 15 | 2001417315 | 2001417315 | 617书库/ [索取号:I247.59/256] | 在馆 | |
| 16 | 2001417316 | 2001417316 | 617书库/ [索取号:I247.59/256] | 在馆 | |
| 17 | 2001417317 | 2001417317 | 617书库/ [索取号:I247.59/256] | 在馆 | |
| 18 | 2001417318 | 2001417318 | 617书库/ [索取号:I247.59/256] | 在馆 | |
| 19 | 2001417319 | 2001417319 | 617书库/ [索取号:I247.59/256] | 在馆 | |
| 20 | 2001417320 | 2001417320 | 617书库/ [索取号:I247.59/256] | 在馆 | |
| 21 | 2001417321 | 2001417321 | 617书库/ [索取号:I247.59/256] | 在馆 | |
| 22 | 2001417322 | 2001417322 | 617书库/ [索取号:I247.59/256] | 在馆 | |
| 23 | 2001417323 | 2001417323 | 617书库/ [索取号:I247.59/256] | 在馆 | |
| 24 | 2001417324 | 2001417324 | 617书库/ [索取号:I247.59/256] | 在馆 | |
| 25 | 2001417325 | 2001417325 | 617书库/ [索取号:I247.59/256] | 在馆 | |
| 26 | 2001417326 | 2001417326 | 617书库/ [索取号:I247.59/256] | 在馆 | |
| 27 | 2001417327 | 2001417327 | 617书库/ [索取号:I247.59/256] | 在馆 | |
| 28 | 2001417328 | 2001417328 | 617书库/ [索取号:I247.59/256] | 在馆 | |
| 29 | 2001417329 | 2001417329 | 617书库/ [索取号:I247.59/256] | 在馆 | |
| 30 | 2001417330 | 2001417330 | 617书库/ [索取号:I247.59/256] | 在馆 |